NFL Rushing Touchdown Leaders - Statistics

General Stats
  • This quiz has been taken 405 times
    385 since last reset
  • The average score is 26 of 64
Answer Stats
Year Rushing TDs Team Player % Correct
2017 13 Rams Todd Gurley
91%
Vikings Adrian Peterson
84%
2009 18 Vikings Adrian Peterson
84%
2014* 13 Seahawks Marshawn Lynch
80%
Seahawks Marshawn Lynch
80%
2007 15 Chargers LaDainian Tomlinson
79%
2006 28* Chargers LaDainian Tomlinson
79%
2004 17 Chargers LaDainian Tomlinson
79%
1991 16 Lions Barry Sanders
77%
2000 18 Rams Marshall Faulk
71%
2005 27 Seahawks Shaun Alexander
70%
2001 14 Seahawks Shaun Alexander
70%
1984* 14 Rams Eric Dickerson
69%
2011 17 Eagles LeSean McCoy
68%
2013* 12 Chiefs Jamaal Charles
66%
2016 18 Patriots LeGarrette Blount
65%
1999 17 Redskins Stephen Davis
65%
1998 21 Broncos Terrell Davis
65%
Broncos Terrell Davis
65%
2012 15 Texans Arian Foster
62%
2010 16 Texans Arian Foster
62%
Cowboys DeMarco Murray
62%
2003 27* Chiefs Priest Holmes
58%
2002 21 Chiefs Priest Holmes
58%
Steelers DeAngelo Williams
57%
2008 18 Panthers DeAngelo Williams
57%
1977 14 Bears Walter Payton
56%
1976 14 Steelers Franco Harris
50%
1993 12 Chiefs Marcus Allen
49%
1982 11 Raiders Marcus Allen
49%
Bills O. J. Simpson
49%
Bills O. J. Simpson
49%
1996 21 Redskins Terry Allen
49%
1980* 13 Oilers Earl Campbell
48%
1979 19 Oilers Earl Campbell
48%
Redskins John Riggins
41%
1983 24* Redskins John Riggins
41%
Rams Charles White
40%
Bengals Jeremy Hill
25%
1985 21 Giants Joe Morris
22%
1995 25* Cowboys Emmit Smith
18%
1994 21 Cowboys Emmit Smith
18%
1992 18 Cowboys Emmit Smith
18%
Lions Billy Sims
17%
1973* 12 Broncos Floyd Little
11%
1968 16 Browns Leroy Kelly
8%
1967 11 Browns Leroy Kelly
8%
1966 15 Browns Leroy Kelly
8%
1981 19 Chargers Chuck Muncie
6%
1986 18 Redskins George Rogers
6%
2015* 11 Falcons Devonta Freeman
5%
1989 15 Rams Greg Bell
2%
1988 16 Rams Greg Bell
2%
1997* 15 Dolphins Karim Abdul-Jabbar
2%
Rams Cleveland Gary
1%
1978 14 Seahawks David Sims
1%
1990* 14 Seahawks Derrick Fenner
1%
1971 11 Cowboys Duane Thomas
1%
1987* 11 Jets Johnny Hector
1%
1970 11 Cardinals MacArthur Lane
1%
1972 12 Dolphins Mercury Morris
1%
1975* 16 Raiders Pete Banaszak
1%
1969 11 Colts Tom Matte
1%
1974 11 Eagles Tom Sullivan
1%
No matching quizzes found
Score Distribution
Percent of People with Each Score
Percentile by Number Answered
Your Score History
You have not taken this quiz since the last reset